Sports Quiz

Random Sports or Football Quiz

Rob Neyer's Top 100 MLB 2000's Quiz Stats

Quiz not verified by Sporcle

Challenge
Share
Tweet
Embed
Score 0/100 Timer 12:00
1 Play Today
Position Player % Correct
1BAlbert Pujols
99.6%
SS/3BAlex Rodriguez
99.5%
SSDerek Jeter
99.4%
CIvan Rodriguez
99.3%
OFBarry Bonds
98.8%
3B/OFChipper Jones
98.5%
OFAndruw Jones
98.4%
1BTodd Helton
97.1%
SPRoy Halladay
96.4%
OFManny Ramirez
96.4%
SSHanley Ramirez
96.3%
3BAramis Ramirez
96.2%
OFIchiro Suzuki
96.1%
OFCarlos Beltran
95.5%
SPJohan Santana
95.4%
CJorge Posada
95.4%
SPRandy Johnson
94.6%
RPMariano Rivera
93.7%
OFVladimir Guerrero
93.6%
2BChase Utley
92.4%
CJoe Mauer
92.2%
1BDerrek Lee
91.5%
3BScott Rolen
91.4%
OFCarlos Lee
91.4%
SSJimmy Rollins
91.3%
1B/DHJason Giambi
91.2%
OF/1BLance Berkman
91%
SPPedro Martinez
91%
1B/DHDavid Ortiz
90.9%
SPCurt Schilling
90.5%
C/1BVictor Martinez
89.9%
SPRoger Clemens
89.7%
3BDavid Wright
89.4%
SPCC Sabathia
88.9%
Position Player % Correct
SPRoy Oswalt
88.6%
1B/DHJim Thome
88.3%
1B/3BMiguel Cabrera
87.3%
SPBarry Zito
86.4%
SPMike Mussina
85.7%
3BAdrian Beltre
85.5%
1BCarlos Delgado
85.5%
SSMiguel Tejada
84.9%
SPAndy Pettitte
84.3%
SPTim Hudson
84.1%
1BMark Teixeira
83%
OFJohnny Damon
82.5%
2BJeff Kent
82.2%
SPDerek Lowe
81.7%
3BEric Chavez
81.6%
SPJosh Beckett
81.4%
OFJim Edmonds
80.6%
SPMark Buehrle
80.2%
3BMike Lowell
80.1%
SSJose Reyes
79.6%
SPCarlos Zambrano
79.1%
OFMatt Holliday
78.4%
OFTorii Hunter
78.2%
SPTom Glavine
78%
SPBrandon Webb
77.9%
OFBobby Abreu
77.8%
SPGreg Maddux
77.2%
SS/3B/2BMichael Young
76.2%
OFCarl Crawford
76%
SPJake Peavy
75.6%
OFGrady Sizemore
75.2%
OFMagglio Ordonez
75.2%
OFVernon Wells
73.9%
OF/1BAdam Dunn
72.3%
Position Player % Correct
OFGary Sheffield
72%
1B/DHFrank Thomas
69.7%
3BTroy Glaus
68.8%
OFSammy Sosa
68.7%
SPFreddy Garcia
68.7%
SSRafael Furcal
68.5%
1B/3BKevin Youkilis
68%
OFBrian Giles
66.8%
OFLarry Walker
66.6%
SPJohn Lackey
66%
SSEdgar Renteria
65.7%
2BPlacido Polanco
65.6%
OFJD Drew
63.8%
SS/1BNomar Garciaparra
63.2%
SPJamie Moyer
63.1%
SPTim Wakefield
62%
SPBartolo Colon
58.7%
3BMelvin Mora
58.6%
SPJavier Vazquez
57.1%
SPDan Haren
56.8%
OFMike Cameron
56%
3B/2B/OFChone Figgins
55.2%
SPKenny Rogers
47.4%
SS/1B/3B/OFCarlos Guillen
44.8%
SPBrad Radke
44.7%
2BRay Durham
41.3%
OFCliff Floyd
30.6%
OFRandy Winn
28.9%
3BCorey Koskie
25.2%
SPJarrod Washburn
24.7%
SPKelvim Escobar
20.4%
SS/3B/OFJose Valentin
16.5%

You're not logged in!

Compare scores with friends on all Sporcle quizzes.
Sign Up with Email
OR
Log In

You Might Also Like...

Show Comments

Extras

Top Quizzes Today


Score Distribution

Your Account Isn't Verified!

In order to create a playlist on Sporcle, you need to verify the email address you used during registration. Go to your Sporcle Settings to finish the process.

Report this User

Report this user for behavior that violates our Community Guidelines.

Details: